[Event "10.  Open C.A. Ciudad los Angeles"]
[Site "Madrid ESP"]
[Date "2016.04.24"]
[Round "4.9"]
[White "Cabezas Martin, Rodrigo"]
[Black "Bellod Thomas, Gonzalo"]
[Result "1-0"]
[WhiteElo "1657"]
[BlackElo "1715"]
[PlyCount "67"]
[EventDate "2016.04.03"]
[EventType "swiss"]
[EventRounds "9"]
[EventCountry "ESP"]
[Source "lmi"]
[SourceDate "2016.04.03"]

1. d4 d5 2. c4 e6 3. Nc3 Nf6 4. Bf4 Bd6 5. Bxd6 Qxd6 6. e3 O-O 7. Nf3 c6 8.
cxd5 exd5 9. Qc2 Bg4 10. Ne5 Nbd7 11. Nxd7 Qxd7 12. h3 Bf5 13. Bd3 Bxd3 14.
Qxd3 Rae8 15. O-O Ne4 16. b4 Re6 17. Rab1 Rg6 18. Nxe4 dxe4 19. Qxe4 Qxh3 20.
Qxg6 Qh4 21. Qd3 Re8 22. Qf5 Re6 23. Qh3 Qd8 24. g3 Rh6 25. Qg2 f5 26. b5 f4
27. exf4 g5 28. fxg5 Qxg5 29. bxc6 bxc6 30. Rb8+ Kg7 31. Rfb1 Qf5 32. R1b7+ Kg6
33. Qxc6+ Kh5 34. Qc5 1-0

[Event "10.  Open C.A. Ciudad los Angeles"]
[Site "Madrid ESP"]
[Date "2016.04.24"]
[Round "4.10"]
[White "Garcia De Quesada, Ignacio"]
[Black "Ghavami, Mahmoud"]
[Result "1-0"]
[WhiteElo "1901"]
[BlackElo "1403"]
[PlyCount "63"]
[EventDate "2016.04.03"]
[EventType "swiss"]
[EventRounds "9"]
[EventCountry "ESP"]
[Source "lmi"]
[SourceDate "2016.04.03"]

1. d4 Nf6 2. c4 c6 3. Nc3 d5 4. e3 e6 5. Nf3 Nbd7 6. Bd2 Bd6 7. b3 O-O 8. Bd3
Re8 9. O-O e5 10. dxe5 Nxe5 11. Nxe5 Bxe5 12. Qc2 Qc7 13. f4 Bxc3 14. Bxc3 Ne4
15. Be5 Qb6 16. Bd4 c5 17. cxd5 cxd4 18. Bxe4 f5 19. Bxf5 Bxf5 20. Qxf5 Rxe3
21. Kh1 Qd6 22. Rac1 Rae8 23. Rc8 g6 24. Rxe8+ Rxe8 25. Qg5 Kg7 26. f5 Re5 27.
f6+ Kf7 28. Qh6 Rf5 29. Qg7+ Ke8 30. f7+ Kd8 31. f8=Q+ Rxf8 32. Rxf8+ 1-0

[Event "10.  Open C.A. Ciudad los Angeles"]
[Site "Madrid ESP"]
[Date "2016.04.24"]
[Round "4.11"]
[White "Cuellar Gutierrez, Raul"]
[Black "Santacruz Sanchez, Jose Luis"]
[Result "1-0"]
[WhiteElo "1814"]
[BlackElo "1292"]
[PlyCount "53"]
[EventDate "2016.04.03"]
[EventType "swiss"]
[EventRounds "9"]
[EventCountry "ESP"]
[Source "lmi"]
[SourceDate "2016.04.03"]

1. e4 e5 2. Nf3 d6 3. Bc4 Be7 4. d3 Nf6 5. O-O O-O 6. a3 c6 7. Ba2 Nbd7 8. Nbd2
b6 9. Re1 Bb7 10. Nf1 Qc7 11. Ng3 d5 12. exd5 cxd5 13. Nf5 Rfe8 14. Nxe7+ Rxe7
15. d4 Rae8 16. c3 b5 17. Nxe5 Nxe5 18. Rxe5 Rxe5 19. dxe5 Qxe5 20. Be3 Ng4 21.
Qxg4 Qe4 22. Qxe4 dxe4 23. Bxa7 g6 24. Rd1 Kg7 25. Rd7 Bc6 26. Rxf7+ Kh6 27.
Be3+ 1-0

[Event "10.  Open C.A. Ciudad los Angeles"]
[Site "Madrid ESP"]
[Date "2016.04.24"]
[Round "4.12"]
[White "Caño Nieto, Jose Luis"]
[Black "Barragan Panal, Juan Jose"]
[Result "0-1"]
[WhiteElo "1537"]
[BlackElo "1676"]
[PlyCount "137"]
[EventDate "2016.04.03"]
[EventType "swiss"]
[EventRounds "9"]
[EventCountry "ESP"]
[Source "lmi"]
[SourceDate "2016.04.03"]

1. d4 Nf6 2. Bf4 g6 3. e3 Bg7 4. Be2 d6 5. Nf3 Nh5 6. Bg5 c5 7. O-O Qb6 8. b3
Nc6 9. c3 cxd4 10. exd4 h6 11. Be3 Qc7 12. Nbd2 Nf6 13. Rc1 O-O 14. h3 b6 15.
Nh2 Nd5 16. Ng4 Kh7 17. Bf3 Bxg4 18. Bxg4 f5 19. Bf3 Nxe3 20. fxe3 e5 21. d5
Ne7 22. c4 e4 23. Be2 Qc5 24. Kh1 Qxe3 25. Nb1 Be5 26. Qe1 Qg3 27. Qxg3 Bxg3
28. Rc3 Be5 29. Rcc1 f4 30. Nd2 e3 31. Nf3 Nf5 32. Rfe1 Bg7 33. Bd3 Rae8 34.
Be2 Ng3+ 35. Kg1 Ne4 36. Bd3 Nd2 37. Nh4 Ne4 38. Be2 g5 39. Nf3 Kg8 40. Bd3 Nd2
41. Be2 Nxf3+ 42. Bxf3 Bd4 43. Kh1 Rc8 44. Rcd1 Be5 45. Be2 Bc3 46. Rf1 Rc5 47.
Rc1 Bd2 48. Rc2 Rfc8 49. Bg4 R8c7 50. Be2 Rxd5 51. Bf3 Re5 52. Be2 d5 53. Rd1
d4 54. Rcxd2 exd2 55. Rxd2 Kg7 56. Bf3 Ra5 57. Bd5 b5 58. a4 bxa4 59. bxa4 Rxa4
60. Rxd4 Rd7 61. Re4 Rxd5 62. Re7+ Kf6 63. Rc7 Rd1+ 64. Kh2 Rc1 65. c5 a5 66.
c6 Rac4 67. Ra7 Rxc6 68. Rxa5 R1c2 69. Ra8 0-1

[Event "10.  Open C.A. Ciudad los Angeles"]
[Site "Madrid ESP"]
[Date "2016.04.24"]
[Round "4.14"]
[White "De Pablo Peña, Miguel Angel"]
[Black "Jimenez Manzano, Emiliano"]
[Result "0-1"]
[WhiteElo "1585"]
[BlackElo "1577"]
[PlyCount "117"]
[EventDate "2016.04.03"]
[EventType "swiss"]
[EventRounds "9"]
[EventCountry "ESP"]
[Source "lmi"]
[SourceDate "2016.04.03"]

1. d4 e6 2. c4 d5 3. Nc3 Bb4 4. Nf3 Ne7 5. h3 Bxc3+ 6. bxc3 dxc4 7. e4 b5 8. a4
c6 9. Be2 Nd7 10. O-O Nf6 11. Qc2 Bb7 12. Bf4 a6 13. Rfd1 Nh5 14. Be3 Nf6 15.
Ne5 Ng6 16. Bg5 Qc7 17. Ng4 Nxg4 18. Bxg4 O-O 19. Be3 e5 20. d5 cxd5 21. exd5
Qd6 22. Bf3 Nf4 23. Bc1 Rfd8 24. Ba3 Qd7 25. Be4 g6 26. d6 Bxe4 27. Qxe4 Nd3
28. Rxd3 cxd3 29. Qxe5 Qe6 30. Qxe6 fxe6 31. Rd1 Rac8 32. Rxd3 bxa4 33. f4 Kf7
34. Kf2 Ke8 35. Ke3 Rc4 36. g3 Kd7 37. Kd2 a5 38. Re3 Rdc8 39. h4 R8c5 40. Rd3
Rd5 41. Kc2 Rxd3 42. Kxd3 Rc8 43. Kc2 Rb8 44. Bc5 Rb5 45. Ba3 Kc6 46. g4 Rb3
47. Bb2 Kxd6 48. Ba1 Kd5 49. Kd3 Rb1 50. c4+ Kd6 51. Be5+ Ke7 52. Kc2 Rh1 53.
c5 Kd7 54. Kb2 Rh3 55. g5 Kc6 56. Bd6 Rb3+ 57. Ka2 Rc3 58. Bf8 Rxc5 59. Ka3 0-1

[Event "10.  Open C.A. Ciudad los Angeles"]
[Site "Madrid ESP"]
[Date "2016.04.24"]
[Round "4.15"]
[White "Salgado Duarte, Pablo"]
[Black "Benitez Robles, Antonio"]
[Result "1-0"]
[WhiteElo "1550"]
[BlackElo "1390"]
[PlyCount "95"]
[EventDate "2016.04.03"]
[EventType "swiss"]
[EventRounds "9"]
[EventCountry "ESP"]
[Source "lmi"]
[SourceDate "2016.04.03"]

1. d4 d5 2. c4 e6 3. Nc3 Bb4 4. Bd2 b6 5. Qa4+ Bd7 6. Qxb4 Nc6 7. Qb3 Nxd4 8.
Qd1 Nf6 9. e3 Nf5 10. Nf3 O-O 11. cxd5 exd5 12. Bd3 d4 13. Bxf5 Bxf5 14. Nxd4
Bd3 15. Nce2 Qd5 16. Nf4 Qc4 17. Nxd3 Qxd3 18. Qe2 Qe4 19. O-O c5 20. Nf3 h5
21. Bc3 Nh7 22. Nd2 Qc6 23. Qxh5 Rad8 24. Nf3 Rd5 25. Qg4 f6 26. Rfd1 Rfd8 27.
Rxd5 Qxd5 28. h3 b5 29. a3 a5 30. Bxa5 Ra8 31. Be1 b4 32. Nh4 Qe5 33. Nf5 Ng5
34. Qc4+ Nf7 35. e4 Qxb2 36. Rd1 bxa3 37. Bc3 Qc2 38. Ne3 Qa4 39. Rd8+ Kh7 40.
Rxa8 Qxa8 41. Qxf7 Qxe4 42. Bxf6 Qb1+ 43. Kh2 Qg6 44. Qxg6+ Kxg6 45. Ba1 Kf7
46. Kg3 Ke6 47. Bxg7 Kd6 48. Nc4+ 1-0

[Event "10.  Open C.A. Ciudad los Angeles"]
[Site "Madrid ESP"]
[Date "2016.05.08"]
[Round "5.3"]
[White "Andalon Gomez, Carlos J"]
[Black "Rodriguez Nieto, Miguel"]
[Result "1-0"]
[WhiteElo "2000"]
[BlackElo "1725"]
[PlyCount "27"]
[EventDate "2016.04.03"]
[EventType "swiss"]
[EventRounds "9"]
[EventCountry "ESP"]
[Source "lmi"]
[SourceDate "2016.04.03"]

1. e4 e5 2. d4 exd4 3. Qxd4 Nc6 4. Qe3 d6 5. Nc3 g6 6. Bc4 Bg7 7. Nge2 Nge7 8.
O-O O-O 9. f4 Na5 10. Bd3 Nac6 11. f5 Re8 12. f6 Nf5 13. Qf2 Bxf6 14. exf5 1-0

[Event "10.  Open C.A. Ciudad los Angeles"]
[Site "Madrid ESP"]
[Date "2016.05.08"]
[Round "5.4"]
[White "Murciano Cespedosa, Antonio"]
[Black "Largo Barbero, Benito"]
[Result "0-1"]
[WhiteElo "1689"]
[BlackElo "1944"]
[PlyCount "92"]
[EventDate "2016.04.03"]
[EventType "swiss"]
[EventRounds "9"]
[EventCountry "ESP"]
[Source "lmi"]
[SourceDate "2016.04.03"]

1. d4 Nf6 2. Nf3 g6 3. Bf4 Bg7 4. e3 O-O 5. Nbd2 d6 6. Bd3 c6 7. c3 a5 8. Qc2
b5 9. a3 Na6 10. Ne4 Nxe4 11. Bxe4 Bb7 12. h4 f5 13. Bd3 h6 14. h5 g5 15. Bxg5
hxg5 16. Nxg5 Qd7 17. h6 Bh8 18. g4 e6 19. gxf5 exf5 20. Rg1 Rf6 21. Ne4+ Kf7
22. Nxf6 Kxf6 23. Kd2 c5 24. Qd1 Qf7 25. Qc2 Qh5 26. Rg3 c4 27. Be2 Qxh6 28.
Rag1 Be4 29. Qd1 f4 30. Rg4 fxe3+ 31. fxe3 d5 32. Qf1+ Ke7 33. Rf4 Rf8 34. Rgg4
Nc7 35. Rxf8 Qxf8 36. Qg1 Bh7 37. Rf4 Qg7 38. Qf2 Ne6 39. Qh4+ Kd6 40. Bh5 Ng5
41. Qe1 Ne4+ 42. Kc1 Qg2 43. Rf8 Nf6 44. Be2 Bg7 45. Rf7 Qg6 46. Rxf6+ Bxf6 0-1

[Event "10.  Open C.A. Ciudad los Angeles"]
[Site "Madrid ESP"]
[Date "2016.05.08"]
[Round "5.5"]
[White "Cabezas Martin, Rodrigo"]
[Black "Angelina Vela, Carlos"]
[Result "0-1"]
[WhiteElo "1657"]
[BlackElo "2104"]
[PlyCount "54"]
[EventDate "2016.04.03"]
[EventType "swiss"]
[EventRounds "9"]
[EventCountry "ESP"]
[Source "lmi"]
[SourceDate "2016.04.03"]

1. d4 Nf6 2. c4 e6 3. Nc3 Bb4 4. e3 O-O 5. Nge2 d5 6. a3 Be7 7. cxd5 exd5 8.
Nf4 c6 9. b4 Bd6 10. Qc2 Re8 11. Nfe2 Nbd7 12. Ng3 g6 13. b5 c5 14. dxc5 Nxc5
15. Be2 h5 16. Bb2 h4 17. Nf1 d4 18. exd4 Bf5 19. Qd1 Nd3+ 20. Kd2 Nxf2 21. Qb3
Bf4+ 22. Ke1 Nxh1 23. d5 Qe7 24. Rd1 Rad8 25. Qc4 g5 26. Nd2 Qe3 27. Nf1 Qf2#
0-1

[Event "10.  Open C.A. Ciudad los Angeles"]
[Site "Madrid ESP"]
[Date "2016.05.08"]
[Round "5.6"]
[White "Sotres Menendez, Raul"]
[Black "Huerto Moreno, Jorge"]
[Result "0-1"]
[WhiteElo "1545"]
[BlackElo "1728"]
[PlyCount "86"]
[EventDate "2016.04.03"]
[EventType "swiss"]
[EventRounds "9"]
[EventCountry "ESP"]
[Source "lmi"]
[SourceDate "2016.04.03"]

1. e4 e5 2. Nf3 Nc6 3. Bb5 a6 4. Ba4 Nf6 5. O-O Bc5 6. c3 b5 7. Bc2 d6 8. h3
Bb7 9. d4 exd4 10. cxd4 Bb6 11. d5 Ne5 12. Bg5 O-O 13. Nc3 Rc8 14. Nd4 Re8 15.
Kh1 h6 16. Bh4 Ng6 17. Bg3 Bxd4 18. Qxd4 c6 19. Rad1 cxd5 20. exd5 Ne7 21. Bb3
Rc5 22. Bh4 Nf5 23. Bxf6 Nxd4 24. Bxd8 Nxb3 25. Bb6 Rc4 26. axb3 Rb4 27. Rfe1
Rc8 28. Re7 Ba8 29. Rde1 Rf8 30. Rd7 Rxb3 31. Re2 b4 32. Nd1 Bxd5 33. Rxd6 Rd3
34. Ne3 Bxg2+ 35. Nxg2 Rxd6 36. Bc5 Rd1+ 37. Kh2 Rb8 38. Ne3 Rd7 39. Nf5 Kh7
40. Re7 Rxe7 41. Nxe7 a5 42. Nf5 Rb5 43. Bxb4 Rxb4 0-1

[Event "10.  Open C.A. Ciudad los Angeles"]
[Site "Madrid ESP"]
[Date "2016.05.08"]
[Round "5.7"]
[White "Cuellar Gutierrez, Raul"]
[Black "Romero Fite, Miguel"]
[Result "0-1"]
[WhiteElo "1814"]
[BlackElo "1669"]
[PlyCount "76"]
[EventDate "2016.04.03"]
[EventType "swiss"]
[EventRounds "9"]
[EventCountry "ESP"]
[Source "lmi"]
[SourceDate "2016.04.03"]

1. e4 e6 2. d4 d5 3. Nc3 Nf6 4. exd5 Nxd5 5. Nxd5 exd5 6. Nf3 Nc6 7. Be2 Bd6 8.
O-O Bf5 9. Be3 Qd7 10. c3 f6 11. b4 O-O 12. a3 Rfe8 13. Re1 Re7 14. c4 dxc4 15.
Bxc4+ Kh8 16. Rc1 a6 17. Qb3 Rae8 18. Qc3 Na7 19. Qb2 Nc8 20. Nd2 Bf4 21. Nf1
Nd6 22. Be2 Rxe3 23. Nxe3 Rxe3 24. fxe3 Bxe3+ 25. Kf1 Ne4 26. Rcd1 Nf2 27. Bc4
b5 28. Rxe3 Nxd1 29. Qe2 Nxe3+ 30. Qxe3 bxc4 31. d5 Bd3+ 32. Kg1 Qxd5 33. Qe8+
Qg8 34. Qd7 h6 35. Qxc7 Qe8 36. Qg3 Qe2 37. h3 c3 38. a4 c2 0-1

[Event "10.  Open C.A. Ciudad los Angeles"]
[Site "Madrid ESP"]
[Date "2016.05.08"]
[Round "5.9"]
[White "Savchuk, Olga"]
[Black "Barragan Arriaza, Pablo"]
[Result "0-1"]
[WhiteElo "1554"]
[BlackElo "1735"]
[PlyCount "76"]
[EventDate "2016.04.03"]
[EventType "swiss"]
[EventRounds "9"]
[EventCountry "ESP"]
[Source "lmi"]
[SourceDate "2016.04.03"]

1. e4 d6 2. d4 g6 3. Nf3 Bg7 4. Bc4 a6 5. O-O h6 6. a4 e6 7. Re1 Ne7 8. Nc3 b6
9. Bf4 Bb7 10. Qd2 Nd7 11. Rad1 g5 12. Bg3 Ng6 13. h3 O-O 14. Be2 Qe7 15. e5
dxe5 16. dxe5 Ndxe5 17. Nxe5 Nxe5 18. Bxa6 Rfd8 19. Qe3 Rxa6 20. Bxe5 Bxe5 21.
Qxe5 Ra5 22. Qg3 Rxd1 23. Rxd1 Bc6 24. Rd4 e5 25. Rg4 f5 26. Rc4 Bb7 27. h4 g4
28. f3 h5 29. fxg4 hxg4 30. Nd1 Bd5 31. Rc3 Rxa4 32. Ne3 Be6 33. Qxe5 Re4 34.
Nxf5 Bxf5 35. Qxf5 Re1+ 36. Kf2 Re2+ 37. Kg3 Qd6+ 38. Qf4 Rxg2+ 0-1

[Event "10.  Open C.A. Ciudad los Angeles"]
[Site "Madrid ESP"]
[Date "2016.05.08"]
[Round "5.10"]
[White "Bellod Thomas, Gonzalo"]
[Black "Ramos Antona, Enrique"]
[Result "0-1"]
[WhiteElo "1715"]
[BlackElo "1588"]
[PlyCount "114"]
[EventDate "2016.04.03"]
[EventType "swiss"]
[EventRounds "9"]
[EventCountry "ESP"]
[Source "lmi"]
[SourceDate "2016.04.03"]

1. d4 d5 2. Nf3 e6 3. e3 Nf6 4. Bd3 Bd6 5. O-O O-O 6. c3 b6 7. Nbd2 c5 8. e4
dxe4 9. Nxe4 Bb7 10. Nxf6+ Qxf6 11. Qe2 Bxf3 12. Qxf3 Qxf3 13. gxf3 Nd7 14. Be3
Rac8 15. Bb5 Nf6 16. Rfd1 Nd5 17. Rac1 c4 18. Ba6 Rc7 19. Kh1 f5 20. Rg1 f4 21.
Bd2 Be7 22. Rce1 Rf6 23. Re2 Bd6 24. Rge1 Kf7 25. Rg1 Rf5 26. Rge1 Rf6 27. Re4
g5 28. Rg1 Rf5 29. Rge1 Rf6 30. Rc1 Rf5 31. b3 Nf6 32. Re2 Ra5 33. Bxc4 Rxa2
34. Bxe6+ Kg6 35. Rce1 Rxd2 36. Rxd2 Rxc3 37. Kg2 Bb4 38. Re5 Rxf3 39. Kxf3
Bxd2 40. d5 Bb4 41. Re2 a5 42. Rc2 Bc5 43. h3 Ne8 44. Ke4 Kf6 45. f3 Nd6+ 46.
Kd3 Nb5 47. Rc1 Nd4 48. Bg4 Ke5 49. Kc4 Kd6 50. Re1 b5+ 51. Kc3 Kxd5 52. Kb2
Bd6 53. Ra1 Nc6 54. Bd7 Be5+ 55. Kb1 Bxa1 56. Bxc6+ Kxc6 57. Kxa1 Kc5 0-1

[Event "10.  Open C.A. Ciudad los Angeles"]
[Site "Madrid ESP"]
[Date "2016.05.08"]
[Round "5.11"]
[White "Martin Garcia, Francisco Javie"]
[Black "Lopez Suarez, Augusto"]
[Result "1-0"]
[WhiteElo "1617"]
[BlackElo "1560"]
[PlyCount "41"]
[EventDate "2016.04.03"]
[EventType "swiss"]
[EventRounds "9"]
[EventCountry "ESP"]
[Source "lmi"]
[SourceDate "2016.04.03"]

1. e4 g6 2. d4 Bg7 3. Nc3 d6 4. Be3 Nf6 5. f3 c6 6. Qd2 O-O 7. Bh6 Nbd7 8. h4
e5 9. Nge2 Re8 10. Bxg7 Kxg7 11. h5 Rh8 12. g4 exd4 13. Nxd4 Ne5 14. Be2 h6 15.
hxg6 fxg6 16. O-O-O g5 17. Nf5+ Bxf5 18. exf5 d5 19. Qd4 Qe7 20. f4 c5 21. Qxe5
1-0

[Event "10.  Open C.A. Ciudad los Angeles"]
[Site "Madrid ESP"]
[Date "2016.05.08"]
[Round "5.12"]
[White "Jimenez Manzano, Emiliano"]
[Black "Ballesteros Jimenez, Miguel A"]
[Result "1-0"]
[WhiteElo "1577"]
[BlackElo "1591"]
[PlyCount "35"]
[EventDate "2016.04.03"]
[EventType "swiss"]
[EventRounds "9"]
[EventCountry "ESP"]
[Source "lmi"]
[SourceDate "2016.04.03"]

1. e4 c5 2. Nc3 g6 3. g3 Bg7 4. Bg2 Nc6 5. Nf3 Nf6 6. O-O O-O 7. d3 d6 8. Ne2
Bd7 9. c4 Qc7 10. Rb1 a6 11. a3 b5 12. b3 bxc4 13. bxc4 Rab8 14. Bd2 Rb6 15.
Qc2 Rfb8 16. Nc3 Ng4 17. Nd5 Rb2 18. Qxb2 1-0

[Event "10.  Open C.A. Ciudad los Angeles"]
[Site "Madrid ESP"]
[Date "2016.05.08"]
[Round "5.13"]
[White "Santacruz Sanchez, Jose Luis"]
[Black "Salgado Duarte, Pablo"]
[Result "0-1"]
[WhiteElo "1292"]
[BlackElo "1550"]
[PlyCount "92"]
[EventDate "2016.04.03"]
[EventType "swiss"]
[EventRounds "9"]
[EventCountry "ESP"]
[Source "lmi"]
[SourceDate "2016.04.03"]

1. e4 e5 2. Nf3 Nc6 3. Bb5 a6 4. Ba4 Nf6 5. d3 b5 6. Bb3 h6 7. a3 Bc5 8. O-O d6
9. Re1 Bg4 10. c3 O-O 11. Be3 Bxe3 12. Rxe3 Qd7 13. Nbd2 Be6 14. Bc2 Ng4 15.
Re1 f5 16. Qe2 fxe4 17. Nxe4 Ne7 18. Rad1 Nd5 19. Ng3 Nf4 20. Qf1 Bd5 21. Ne4
Nf6 22. d4 Bc4 23. Bd3 Bxd3 24. Rxd3 Nxd3 25. Qxd3 exd4 26. Qxd4 Nxe4 27. Qxe4
Rae8 28. Qd5+ Kh8 29. Rd1 Qg4 30. Qd3 Re6 31. h3 Qh5 32. b4 Rg6 33. g4 Rxg4+
34. hxg4 Qxg4+ 35. Kf1 Rxf3 36. Qe2 Qh3+ 37. Ke1 Rf5 38. Kd2 Re5 39. Qf1 Rd5+
40. Kc2 Qf5+ 41. Kc1 Qf4+ 42. Kc2 Rf5 43. Rd2 Qe4+ 44. Kc1 Rh5 45. Qe2 Rh1+ 46.
Kb2 Qb1# 0-1

[Event "10.  Open C.A. Ciudad los Angeles"]
[Site "Madrid ESP"]
[Date "2016.05.08"]
[Round "5.14"]
[White "Ghavami, Mahmoud"]
[Black "Caño Nieto, Jose Luis"]
[Result "0-1"]
[WhiteElo "1403"]
[BlackElo "1537"]
[PlyCount "72"]
[EventDate "2016.04.03"]
[EventType "swiss"]
[EventRounds "9"]
[EventCountry "ESP"]
[Source "lmi"]
[SourceDate "2016.04.03"]

1. e4 e5 2. Nf3 Nc6 3. d4 exd4 4. Nxd4 Bc5 5. Nxc6 Qf6 6. Qe2 dxc6 7. Nc3 Ne7
8. Be3 Bxe3 9. Qxe3 O-O 10. O-O-O Be6 11. f4 Qh6 12. Re1 Rfd8 13. h3 a6 14. g4
Bxg4 15. Bc4 Be6 16. Bxe6 fxe6 17. Rhg1 Rf8 18. Rg5 Qh4 19. Reg1 Rf7 20. R1g4
Qh6 21. Qg3 g6 22. h4 Raf8 23. Ne2 b5 24. c3 Kh8 25. Kc2 Ng8 26. h5 Rg7 27. e5
Ne7 28. Nd4 Nf5 29. Nxf5 exf5 30. Rh4 gxh5 31. Rhxh5 Rxg5 32. Rxg5 Qh1 33. Qe3
Qh2+ 34. Kb3 Qh1 35. Kb4 Qd5 36. e6 Qc4+ 0-1

[Event "10.  Open C.A. Ciudad los Angeles"]
[Site "Madrid ESP"]
[Date "2016.05.08"]
[Round "5.15"]
[White "Benitez Robles, Antonio"]
[Black "De Pablo Peña, Miguel Angel"]
[Result "0-1"]
[WhiteElo "1390"]
[BlackElo "1585"]
[PlyCount "74"]
[EventDate "2016.04.03"]
[EventType "swiss"]
[EventRounds "9"]
[EventCountry "ESP"]
[Source "lmi"]
[SourceDate "2016.04.03"]

1. d4 Nf6 2. Nf3 g6 3. c4 Bg7 4. Nc3 d6 5. Qc2 O-O 6. e4 e5 7. d5 Na6 8. a3 c6
9. h3 Nh5 10. Be2 f5 11. Ng5 Nf4 12. Bxf4 exf4 13. Bf3 Qxg5 14. h4 Qe7 15.
O-O-O Nc5 16. Rde1 Qc7 17. Kb1 Nd7 18. exf5 Ne5 19. fxg6 Bf5 20. gxh7+ Bxh7 21.
Ne4 Nxf3 22. gxf3 cxd5 23. cxd5 Qxc2+ 24. Kxc2 Rac8+ 25. Kb3 Be5 26. h5 Kh8 27.
h6 Rc7 28. Rh5 Rg8 29. Reh1 b5 30. Ng5 a5 31. Ne4 Rc4 32. Rg5 Bxe4 33. Rxg8+
Kxg8 34. fxe4 Rxe4 35. Rh5 Kh7 36. Rh3 Re2 37. Rh5 Rxb2# 0-1

[Event "10.  Open C.A. Ciudad los Angeles"]
[Site "Madrid ESP"]
[Date "2016.05.15"]
[Round "6.1"]
[White "Aziz Ortego, Omar Luis"]
[Black "Andalon Gomez, Carlos J"]
[Result "0-1"]
[WhiteElo "2030"]
[BlackElo "2000"]
[PlyCount "56"]
[EventDate "2016.04.03"]
[EventType "swiss"]
[EventRounds "9"]
[EventCountry "ESP"]
[Source "lmi"]
[SourceDate "2016.04.03"]

1. e4 c6 2. d4 d5 3. e5 Bf5 4. h4 Qb6 5. Nc3 h5 6. f3 Nh6 7. Rb1 e6 8. Be3 c5
9. Qd2 cxd4 10. Bxd4 Qd8 11. Qf2 Nc6 12. Bb5 a6 13. Bxc6+ bxc6 14. a3 Be7 15.
g3 O-O 16. Rh2 Qc7 17. Qe2 c5 18. Bf2 f6 19. exf6 Bxf6 20. Nd1 d4 21. Rg2 c4
22. Rc1 Qc6 23. Qd2 e5 24. c3 e4 25. cxd4 exf3 26. Rh2 Ng4 27. Rh1 Rfe8+ 28.
Kf1 c3 0-1

[Event "10.  Open C.A. Ciudad los Angeles"]
[Site "Madrid ESP"]
[Date "2016.05.15"]
[Round "6.2"]
[White "Largo Barbero, Benito"]
[Black "Alonso Herrero, Ignacio"]
[Result "1-0"]
[WhiteElo "1944"]
[BlackElo "1775"]
[PlyCount "61"]
[EventDate "2016.04.03"]
[EventType "swiss"]
[EventRounds "9"]
[EventCountry "ESP"]
[Source "lmi"]
[SourceDate "2016.04.03"]

1. d4 b5 2. Bf4 Bb7 3. Nd2 e6 4. e3 c5 5. Ngf3 a6 6. c3 Nf6 7. h3 c4 8. Be2 Be7
9. O-O O-O 10. Bh2 Ne4 11. Nxe4 Bxe4 12. Nd2 Bf5 13. e4 Bg6 14. f4 f5 15. e5
Qb6 16. Kh1 d5 17. exd6 Bxd6 18. Nf3 Qb7 19. Ng5 Qe7 20. Bf3 Ra7 21. Re1 Bf7
22. d5 Rd8 23. Nxe6 Bxe6 24. Rxe6 Qc7 25. Qe2 Nd7 26. Re8+ Rxe8 27. Qxe8+ Nf8
28. Re1 Bxf4 29. d6 Bxd6 30. Bd5+ Kh8 31. Re6 1-0

[Event "10.  Open C.A. Ciudad los Angeles"]
[Site "Madrid ESP"]
[Date "2016.05.15"]
[Round "6.3"]
[White "Angelina Vela, Carlos"]
[Black "Cabañas Bravo, Juan Andres"]
[Result "0-1"]
[WhiteElo "2104"]
[BlackElo "1982"]
[PlyCount "86"]
[EventDate "2016.04.03"]
[EventType "swiss"]
[EventRounds "9"]
[EventCountry "ESP"]
[Source "lmi"]
[SourceDate "2016.04.03"]

1. d4 Nf6 2. c4 g6 3. Nc3 d5 4. cxd5 Nxd5 5. Bd2 Bg7 6. e4 Nb6 7. Be3 O-O 8. f4
Nc6 9. d5 Na5 10. Bd4 e5 11. fxe5 Nac4 12. Nf3 Bg4 13. b3 Nxe5 14. Be2 Bxf3 15.
gxf3 Qh4+ 16. Kf1 f5 17. Kg2 fxe4 18. Nxe4 Nxd5 19. Rf1 Rad8 20. Kh1 Nf4 21.
Bxe5 Rxd1 22. Bc4+ Kh8 23. Bxg7+ Kxg7 24. Raxd1 Rd8 25. Rde1 Qh3 26. Rf2 Nd3
27. Bxd3 Rxd3 28. Ng5 Qh4 29. Ne4 Rxf3 30. Rfe2 b6 31. Rd1 Qh3 32. Nf2 Qf5 33.
Kg2 Rc3 34. Kg1 Rc2 35. Rde1 Rxe2 36. Rxe2 h5 37. h4 Qf4 38. Re7+ Kf6 39. Re4
Qg3+ 40. Kf1 Kf5 41. Rd4 c5 42. Ra4 a5 43. Re4 Qxf2+ 0-1

[Event "10.  Open C.A. Ciudad los Angeles"]
[Site "Madrid ESP"]
[Date "2016.05.15"]
[Round "6.4"]
[White "Huerto Moreno, Jorge"]
[Black "Murciano Cespedosa, Antonio"]
[Result "0-1"]
[WhiteElo "1728"]
[BlackElo "1689"]
[PlyCount "54"]
[EventDate "2016.04.03"]
[EventType "swiss"]
[EventRounds "9"]
[EventCountry "ESP"]
[Source "lmi"]
[SourceDate "2016.04.03"]

1. d4 Nf6 2. c4 c5 3. d5 b5 4. Nc3 b4 5. Nb1 g6 6. Nd2 Bg7 7. a3 bxa3 8. Rxa3
d6 9. b4 cxb4 10. Qa4+ Bd7 11. Qxb4 a5 12. Qb7 Ra6 13. Rb3 O-O 14. Rb1 Bf5 15.
e4 Nxe4 16. Nxe4 Bxe4 17. Rb3 a4 18. Re3 Rb6 19. Qa7 Bf5 20. Qxa4 Ra6 21. Qb4
Ra1 22. Ne2 Na6 23. Qb5 Nc5 24. Kd2 Rb1 25. Qxb1 Bxb1 26. Kd1 Nd3 27. Rf3 Qa5
0-1

[Event "10.  Open C.A. Ciudad los Angeles"]
[Site "Madrid ESP"]
[Date "2016.05.15"]
[Round "6.5"]
[White "Afana, Adham Jj"]
[Black "Romero Fite, Miguel"]
[Result "1-0"]
[WhiteElo "2104"]
[BlackElo "1669"]
[PlyCount "147"]
[EventDate "2016.04.03"]
[EventType "swiss"]
[EventRounds "9"]
[EventCountry "ESP"]
[Source "lmi"]
[SourceDate "2016.04.03"]

1. e4 e6 2. d3 d5 3. Nd2 c5 4. g3 Nc6 5. Bg2 g6 6. Ngf3 Bg7 7. O-O Nge7 8. c3
O-O 9. Re1 Qc7 10. Nf1 b6 11. h4 h6 12. Bf4 e5 13. Bd2 d4 14. c4 Rb8 15. h5 g5
16. N3h2 b5 17. b3 bxc4 18. bxc4 Nb4 19. Bxb4 Rxb4 20. Rb1 a5 21. Qc2 Bd7 22.
a3 Ba4 23. Qa2 Rxb1 24. Rxb1 Rb8 25. Nd2 Rb7 26. Bf3 Qb8 27. Rxb7 Qxb7 28. Kf1
Qb6 29. Ke1 Bd7 30. Qb3 Qa7 31. Bg4 a4 32. Qb1 Bc6 33. Ke2 Bf6 34. Bf3 Kg7 35.
Ng4 Ng8 36. Bg2 Qc7 37. Bf3 Bd8 38. Nf1 f6 39. Ngh2 Qa7 40. Bg4 Kf7 41. Nd2 Bc7
42. Bf5 Ne7 43. Bh3 Qa5 44. Qb2 Qa8 45. Ng4 Kg7 46. Nh2 Kf7 47. Bg4 Qa6 48. Bf5
Be8 49. f3 Kg7 50. g4 Qc6 51. Nhf1 Qa6 52. Ng3 Qc6 53. Bg6 Bxg6 54. hxg6 Nxg6
55. Nh5+ Kf7 56. Qb5 Qxb5 57. cxb5 Ne7 58. Nc4 Nc8 59. Ng3 Kg6 60. Nf5 Kh7 61.
Nb2 Na7 62. b6 Bxb6 63. Nxa4 Nc8 64. Kd1 Ba7 65. Kc2 Kg6 66. Kb3 Kf7 67. Kc4
Ne7 68. Nxe7 Kxe7 69. Nxc5 Kd6 70. Na6 Bb6 71. a4 Kc6 72. Nb4+ Kd6 73. Nd5 Bd8
74. Kb5 1-0

[Event "10.  Open C.A. Ciudad los Angeles"]
[Site "Madrid ESP"]
[Date "2016.05.15"]
[Round "6.9"]
[White "Salgado Duarte, Pablo"]
[Black "Cuellar Gutierrez, Raul"]
[Result "0-1"]
[WhiteElo "1550"]
[BlackElo "1814"]
[PlyCount "58"]
[EventDate "2016.04.03"]
[EventType "swiss"]
[EventRounds "9"]
[EventCountry "ESP"]
[Source "lmi"]
[SourceDate "2016.04.03"]

1. d4 Nf6 2. c4 g6 3. Nc3 Bg7 4. e4 d6 5. Nf3 O-O 6. h3 Bd7 7. Bd3 e5 8. Bg5 h6
9. Be3 Nc6 10. a3 a5 11. Bc2 Nh5 12. d5 Ne7 13. Qd2 Kh7 14. g4 Nf6 15. g5 hxg5
16. Nxg5+ Kg8 17. O-O-O Qb8 18. Rdf1 b5 19. c5 b4 20. Nb1 bxa3 21. Nxa3 Nh5 22.
c6 Bc8 23. Bd1 Nf4 24. Bg4 Ba6 25. Rfg1 Qb3 26. Kb1 Rab8 27. Rc1 Qxa3 28. Rc3
Bd3+ 29. Qxd3 Qxb2# 0-1